<?xml version="1.0" encoding="UTF-8"?>
<record
    xmlns:xsi="http://www.w3.org/2001/XMLSchema-instance"
    xsi:schemaLocation="http://www.loc.gov/MARC21/slim http://www.loc.gov/standards/marcxml/schema/MARC21slim.xsd"
    xmlns="http://www.loc.gov/MARC21/slim">

  <leader>00644nam a2200217 a 4500</leader>
  <datafield tag="999" ind1=" " ind2=" ">
    <subfield code="c">4415</subfield>
    <subfield code="d">4415</subfield>
  </datafield>
  <controlfield tag="001">10744</controlfield>
  <controlfield tag="003">BD-DhUAP</controlfield>
  <controlfield tag="005">20201109145132.0</controlfield>
  <controlfield tag="008">201109t2008    ii a          001 0 eng d</controlfield>
  <datafield tag="020" ind1=" " ind2=" ">
    <subfield code="a">9848090403</subfield>
  </datafield>
  <datafield tag="040" ind1=" " ind2=" ">
    <subfield code="a">BD-DhUAP</subfield>
    <subfield code="c">BD-DhUAP</subfield>
    <subfield code="b">Eng</subfield>
    <subfield code="d">BD-DhUAP</subfield>
  </datafield>
  <datafield tag="082" ind1="0" ind2="0">
    <subfield code="2">23</subfield>
    <subfield code="a">621.382 SAM</subfield>
  </datafield>
  <datafield tag="100" ind1=" " ind2=" ">
    <subfield code="a">Samad, M. Abdus.</subfield>
  </datafield>
  <datafield tag="245" ind1=" " ind2=" ">
    <subfield code="a">Communication engineering fundamentals /</subfield>
    <subfield code="c">M. Abdus Samad.</subfield>
  </datafield>
  <datafield tag="250" ind1=" " ind2=" ">
    <subfield code="a">1st ed.</subfield>
  </datafield>
  <datafield tag="260" ind1=" " ind2=" ">
    <subfield code="a">Dhaka :</subfield>
    <subfield code="b">University grants commission,</subfield>
    <subfield code="c">c2008.</subfield>
  </datafield>
  <datafield tag="300" ind1=" " ind2=" ">
    <subfield code="a">322 pages :</subfield>
    <subfield code="b">illustrations ;</subfield>
    <subfield code="c">22 cm.</subfield>
  </datafield>
  <datafield tag="650" ind1=" " ind2=" ">
    <subfield code="a">Wireless communication systems</subfield>
  </datafield>
  <datafield tag="650" ind1=" " ind2=" ">
    <subfield code="a">Telecommunication systems.</subfield>
  </datafield>
  <datafield tag="942" ind1="0" ind2="0">
    <subfield code="2">ddc</subfield>
    <subfield code="c">BK</subfield>
  </datafield>
  <datafield tag="952" ind1=" " ind2=" ">
    <subfield code="0">0</subfield>
    <subfield code="1">0</subfield>
    <subfield code="2">ddc</subfield>
    <subfield code="4">0</subfield>
    <subfield code="7">0</subfield>
    <subfield code="a">UAPCL</subfield>
    <subfield code="b">UAPCL</subfield>
    <subfield code="c">Old Stacks</subfield>
    <subfield code="d">2020-11-09</subfield>
    <subfield code="o">621.382 SAM</subfield>
    <subfield code="p">3010010744</subfield>
    <subfield code="r">2020-11-09</subfield>
    <subfield code="t">1</subfield>
    <subfield code="w">2020-11-09</subfield>
    <subfield code="y">BK</subfield>
  </datafield>
  <datafield tag="952" ind1=" " ind2=" ">
    <subfield code="0">0</subfield>
    <subfield code="1">0</subfield>
    <subfield code="2">ddc</subfield>
    <subfield code="4">0</subfield>
    <subfield code="7">0</subfield>
    <subfield code="a">UAPCL</subfield>
    <subfield code="b">UAPCL</subfield>
    <subfield code="c">Old Stacks</subfield>
    <subfield code="d">2020-11-09</subfield>
    <subfield code="o">621.382 SAM</subfield>
    <subfield code="p">3010010748</subfield>
    <subfield code="r">2021-01-10</subfield>
    <subfield code="t">2</subfield>
    <subfield code="w">2020-11-09</subfield>
    <subfield code="y">BK</subfield>
  </datafield>
  <datafield tag="952" ind1=" " ind2=" ">
    <subfield code="0">0</subfield>
    <subfield code="1">0</subfield>
    <subfield code="2">ddc</subfield>
    <subfield code="4">0</subfield>
    <subfield code="7">0</subfield>
    <subfield code="a">UAPCL</subfield>
    <subfield code="b">UAPCL</subfield>
    <subfield code="c">Old Stacks</subfield>
    <subfield code="d">2020-11-09</subfield>
    <subfield code="o">621.382 SAM</subfield>
    <subfield code="p">3010010747</subfield>
    <subfield code="r">2021-01-10</subfield>
    <subfield code="t">3</subfield>
    <subfield code="w">2020-11-09</subfield>
    <subfield code="y">BK</subfield>
  </datafield>
  <datafield tag="952" ind1=" " ind2=" ">
    <subfield code="0">0</subfield>
    <subfield code="1">0</subfield>
    <subfield code="2">ddc</subfield>
    <subfield code="4">0</subfield>
    <subfield code="7">0</subfield>
    <subfield code="a">UAPCL</subfield>
    <subfield code="b">UAPCL</subfield>
    <subfield code="c">Old Stacks</subfield>
    <subfield code="d">2020-11-09</subfield>
    <subfield code="o">621.382 SAM</subfield>
    <subfield code="p">3010010745</subfield>
    <subfield code="r">2021-01-10</subfield>
    <subfield code="t">4</subfield>
    <subfield code="w">2020-11-09</subfield>
    <subfield code="y">BK</subfield>
  </datafield>
  <datafield tag="952" ind1=" " ind2=" ">
    <subfield code="0">0</subfield>
    <subfield code="1">0</subfield>
    <subfield code="2">ddc</subfield>
    <subfield code="4">0</subfield>
    <subfield code="7">0</subfield>
    <subfield code="a">UAPCL</subfield>
    <subfield code="b">UAPCL</subfield>
    <subfield code="c">Old Stacks</subfield>
    <subfield code="d">2020-11-09</subfield>
    <subfield code="o">621.382 SAM</subfield>
    <subfield code="p">3010010746</subfield>
    <subfield code="r">2021-01-10</subfield>
    <subfield code="t">5</subfield>
    <subfield code="w">2020-11-09</subfield>
    <subfield code="y">BK</subfield>
  </datafield>
  <datafield tag="952" ind1=" " ind2=" ">
    <subfield code="0">0</subfield>
    <subfield code="1">0</subfield>
    <subfield code="2">ddc</subfield>
    <subfield code="4">0</subfield>
    <subfield code="7">0</subfield>
    <subfield code="a">UAPCL</subfield>
    <subfield code="b">UAPCL</subfield>
    <subfield code="c">Old Stacks</subfield>
    <subfield code="d">2020-11-09</subfield>
    <subfield code="o">621.382 SAM</subfield>
    <subfield code="p">3010010751</subfield>
    <subfield code="r">2021-01-10</subfield>
    <subfield code="t">6</subfield>
    <subfield code="w">2020-11-09</subfield>
    <subfield code="y">BK</subfield>
  </datafield>
  <datafield tag="952" ind1=" " ind2=" ">
    <subfield code="0">0</subfield>
    <subfield code="1">0</subfield>
    <subfield code="2">ddc</subfield>
    <subfield code="4">0</subfield>
    <subfield code="7">0</subfield>
    <subfield code="a">UAPCL</subfield>
    <subfield code="b">UAPCL</subfield>
    <subfield code="c">Old Stacks</subfield>
    <subfield code="d">2020-11-09</subfield>
    <subfield code="o">621.382 SAM</subfield>
    <subfield code="p">3010010752</subfield>
    <subfield code="r">2021-01-10</subfield>
    <subfield code="t">8</subfield>
    <subfield code="w">2020-11-09</subfield>
    <subfield code="y">BK</subfield>
  </datafield>
  <datafield tag="952" ind1=" " ind2=" ">
    <subfield code="0">0</subfield>
    <subfield code="1">0</subfield>
    <subfield code="2">ddc</subfield>
    <subfield code="4">0</subfield>
    <subfield code="7">0</subfield>
    <subfield code="a">UAPCL</subfield>
    <subfield code="b">UAPCL</subfield>
    <subfield code="c">Old Stacks</subfield>
    <subfield code="d">2020-11-09</subfield>
    <subfield code="o">621.382 SAM</subfield>
    <subfield code="p">3010010750</subfield>
    <subfield code="r">2021-01-10</subfield>
    <subfield code="t">9</subfield>
    <subfield code="w">2020-11-09</subfield>
    <subfield code="y">BK</subfield>
  </datafield>
  <datafield tag="952" ind1=" " ind2=" ">
    <subfield code="0">0</subfield>
    <subfield code="1">0</subfield>
    <subfield code="2">ddc</subfield>
    <subfield code="4">0</subfield>
    <subfield code="7">0</subfield>
    <subfield code="a">UAPCL</subfield>
    <subfield code="b">UAPCL</subfield>
    <subfield code="c">Old Stacks</subfield>
    <subfield code="d">2020-11-09</subfield>
    <subfield code="o">621.382 SAM</subfield>
    <subfield code="p">3010010749</subfield>
    <subfield code="r">2021-01-10</subfield>
    <subfield code="t">10</subfield>
    <subfield code="w">2020-11-09</subfield>
    <subfield code="y">BK</subfield>
  </datafield>
  <datafield tag="952" ind1=" " ind2=" ">
    <subfield code="0">0</subfield>
    <subfield code="1">0</subfield>
    <subfield code="2">ddc</subfield>
    <subfield code="4">0</subfield>
    <subfield code="7">0</subfield>
    <subfield code="a">UAPCL</subfield>
    <subfield code="b">UAPCL</subfield>
    <subfield code="c">Old Stacks</subfield>
    <subfield code="d">2020-11-09</subfield>
    <subfield code="o">621.382 SAM</subfield>
    <subfield code="p">3010010753</subfield>
    <subfield code="r">2021-01-10</subfield>
    <subfield code="t">7</subfield>
    <subfield code="w">2020-11-09</subfield>
    <subfield code="y">BK</subfield>
  </datafield>
</record>
